Reliez la chanson à son interprète improbable - Statistiques

Statistiques générales
  • Ce quiz a été pris 114 fois
  • Le résultat moyen est 4 sur 14
Statistiques - réponses
Hint Réponse % Correct
Bogda Bogdanov Cyril Hanouna
50%
Acredita No Véio Pelé & Rodrigo y Gabriela
44%
Historycalment Jeanne Calment
41%
Fais-moi la passe Rohff & Karim Benzema
41%
I'm so Excited Clara Morgane
36%
L'aigle noir Gérard Depardieu
28%
The futurist Robert Downey Jr.
28%
Jackpot (Bruno's Bop) Bruce Willis
22%
C'est beau la vie Doc Gynéco & Bernard Tapie
22%
My Way (Opos Sinithos) Nikos Aliagas & Antonis Remos
21%
Relator Pete Yorn & Scarlett Johansson
20%
Bienvenue dans le Texas Tony Parker & Booba
20%
Présence Humaine Michel Houellebecq
16%
Des paroles en l'air Élie Semoun
14%
Aucun quiz correspondant
Distribution des résultats
% des personnes avec chaque résultat
Percentile par nombre de réponses
Votre historique - résultats
Vous n’avez pas pris ce quiz